000 00983nas a2200301 4500
001 BR2013001534
003 BR-BrBNA
005 20231205121958.0
007 ta
008 230509b bl.|||p| |||| 00| 00por d
040 _aBR-BrBNA
_bpor
_cBiblioteca Nacional de Agricultura
041 _a(En)
072 _aF04
100 1 _aFialho, C.A.
100 1 _aSilva, S.C. da
100 1 _aGimenes, F.M. de A.
100 1 _aGomes, M.B.
100 1 _aBerndt, A.
100 1 _aGerdes, L.
245 1 _aTiller population density and tillering dynamics in marandu palisade grass subjected to strategies of rotational stocking management and nitrogen fertilization
650 _aCAPIM
650 _aPASTEJO ROTATIVO
650 _aFERTILIZANTE NITROGENADO
650 _aADUBAÇÃO
773 0 _tActa Scientiarum. Animal Sciences (Brazil)
_xISSN 1806-2636
_g(Jul-Sep 2012), v. 34(3) p. 245-251
_wBR2013001534
909 _a202311
_bLúcia
_c55
_dLúcia Elande
942 _2AGRIS
_n0
_cANA
999 _c226256
_d226256